भारत की इक्यावन प्रथम महिलाएं / (Record no. 47975)

MARC details
000 -LEADER
fixed length control field 01147nam a22002657a 4500
005 - DATE AND TIME OF LATEST TRANSACTION
control field 20100929123754.0
008 - FIXED-LENGTH DATA ELEMENTS--GENERAL INFORMATION
fixed length control field 100928t xxu||||| |||| 00| 0 hin d
010 ## - LCCN (DPL NO)
LC control number HIN-90674
020 ## - INTERNATIONAL STANDARD BOOK NUMBER
Terms of availability 160.00
International Standard Book Number 9788174083746
035 ## - SYSTEM CONTROL NUMBER
System control number HN-63020
037 ## - SOURCE OF ACQUISITION
Source of stock number/acquisition DBAD / PUB
040 ## - CATALOGING SOURCE
Original cataloging agency DPL
Language of cataloging HN
082 ## - DEWEY DECIMAL CLASSIFICATION NUMBER
Classification number 920.72
100 ## - MAIN ENTRY--PERSONAL NAME
Personal name बानो सरताज
9 (RLIN) 22145
245 ## - TITLE STATEMENT
Title भारत की इक्यावन प्रथम महिलाएं /
Statement of responsibility, etc बानो सरताज
246 ## - VARYING FORM OF TITLE
Title proper/short title Bharat ki ikyavan pratham mahilayen
Remainder of title by Bano Sartaj
260 ## - PUBLICATION, DISTRIBUTION, ETC. (IMPRINT)
Place of publication, distribution, etc नुई दिल्ली
Name of publisher, distributor, etc अयन प्रकाशन
Date of publication, distribution, etc 2009
270 ## - ADDRESS
Address 1/20, महरौली
City नई दिल्ली
Postal code 110030
Telephone number 011-26645812
Electronic mail address ayanprakashan@rediffmail.com
300 ## - PHYSICAL DESCRIPTION
Extent 132पृ.
Dimensions 22सेमी (सजिल्द)
Other physical details सचित्र
650 ## - SUBJECT ADDED ENTRY--TOPICAL TERM
9 (RLIN) 1169
700 ## - ADDED ENTRY--PERSONAL NAME
9 (RLIN) 22273
700 ## - ADDED ENTRY--PERSONAL NAME
9 (RLIN) 22352
942 ## - ADDED ENTRY ELEMENTS (KOHA)
Source of classification or shelving scheme Dewey Decimal Classification
Item type Hindi Books
Classification part 920.72
Call number suffix बानोस
Holdings
Withdrawn status Lost status Source of classification or shelving scheme Damaged status Not for loan Collection code Home library Current library Date acquired Source of acquisition Cost, normal purchase price Total Checkouts Full call number Barcode Date last seen Copy number Cost, replacement price Koha item type
    Dewey Decimal Classification   Not For Loan Non-fiction D.B.Act.Division D.B.Act.Division 29/09/2010 DBAD / PUB 160.00   920.72 बानोस HN-63020 29/09/2010 1 160.00 Hindi Books

© Delhi Public Library
Hit Counter
free hit counter